The Surveyor (Record no. 118984)

MARC details
000 -LEADER
fixed length control field 00596cas a22001815a 4500
001 - CONTROL NUMBER
control field L138393
008 - FIXED-LENGTH DATA ELEMENTS--GENERAL INFORMATION
fixed length control field 070604d19681969gh qr p 0 a0eng u
035 ## - SYSTEM CONTROL NUMBER
System control number (Sirsi) u138393
041 0# - LANGUAGE CODE
Language code of text/sound track or separate title eng
110 2# - MAIN ENTRY--CORPORATE NAME
Corporate name or jurisdiction name as entry element Royal Institution of Chartered Surveyors
Subordinate unit Ghana Branch
9 (RLIN) 5213
245 04 - TITLE STATEMENT
Title The Surveyor
Remainder of title Bulletin of the Royal Institution of Chartered Surveyors (Ghana Branch)
260 ## - PUBLICATION, DISTRIBUTION, ETC.
Place of publication, distribution, etc. Accra
Name of publisher, distributor, etc. RICS
Date of publication, distribution, etc. 1968-1969
362 0# - DATES OF PUBLICATION AND/OR SEQUENTIAL DESIGNATION
Dates of publication and/or sequential designation 1(1) April 1968-2(3) August/October 1969
554 ## -
-- Four per year
651 #4 - SUBJECT ADDED ENTRY--GEOGRAPHIC NAME
Geographic name GHANA
690 ## - LOCAL SUBJECT ADDED ENTRY--TOPICAL TERM (OCLC, RLIN)
Topical term or geographic name as entry element MANAGEMENT-BUSINESS MANAGEMENT-PROFESSIONAL PRACTICE
942 ## - ADDED ENTRY ELEMENTS (KOHA)
Suppress in OPAC 0
Holdings
Withdrawn status Lost status Source of classification or shelving scheme Damaged status Not for loan Home library Current library Shelving location Date acquired Total Checkouts Full call number Barcode Date last seen Price effective from Koha item type
    Dewey Decimal Classification     London London Basement 04/06/2007   SURVEYOR GHANA 138393-1001 06/08/2019 06/08/2019 Journal